Tie - in financing and pragmatic price discrimination

Salvato in:
Dettagli Bibliografici
Autore principale: Endres, Alfred
Natura: Libro
Lingua:inglese
Pubblicazione: Berlin Technische Universität 1983
Serie:Diskussionspapier 77
Tags: Aggiungi Tag
Nessun Tag, puoi essere il primo ad aggiungerne!!

MARC

LEADER 00000nam a2200000 4500
001 c113758
005 20221207071000.3
041 0 |a eng 
044 |a DE 
245 1 0 |a Tie - in financing and pragmatic price discrimination  |c Alfred Endres 
264 1 |a Berlin  |b Technische Universität  |c 1983 
300 |a 17 s. 
490 1 |a Diskussionspapier  |v 77 
830 0 |a Diskussionspapier  |v 77 
100 1 |a Endres, Alfred